| 000 | 01110cam a22003253a 4500 | ||
|---|---|---|---|
| 001 | 16412695 | ||
| 003 | OSt | ||
| 005 | 20140310182235.0 | ||
| 008 | 960128s1996 nyu j 000 1 eng d | ||
| 010 | _a 97809069 | ||
| 020 |
_a0671505084 (pbk.) : _c$3.99 |
||
| 035 | _a(OCoLC)ocm34094513 | ||
| 040 |
_aIHI _cIHI _dSLC _dOCL _dDLC |
||
| 050 |
_aPZ 7 _b.K26n130 1996 |
||
| 082 |
_aFIC _bK25nm #130 |
||
| 100 | 1 |
_aKeene, Carolyn. _94653 |
|
| 245 | 1 | 4 |
_aThe sign of the falcon / _cCarolyn Keene. |
| 260 |
_aNew York : _bPocket Books, _c1996. |
||
| 300 |
_a147 p. ; _c20 cm. |
||
| 440 |
_aNancy Drew mystery stories _n#130 _918575 |
||
| 500 | _a"A Minstrel book." | ||
| 520 | _aNancy's father has been kidnapped in New York City, and Nancy may be his last chance to come out of it alive. | ||
| 650 | 0 |
_aKidnapping _vFiction. _918576 |
|
| 651 | 0 |
_aNew York (N.Y.) _vFiction. _918577 |
|
| 655 | 7 |
_aYoung adult fiction. _2lcsh _93735 |
|
| 710 | 2 |
_aCopyright Paperback Collection (Library of Congress) _5DLC _9705 |
|
| 906 |
_a7 _bcbc _ccopycat _d2 _encip _f19 _gy-genrareb |
||
| 942 |
_2lcc _cBK-FIC |
||
| 999 |
_c10999 _d10999 |
||